Statistics for Ahmed Ben Bella Airport Destinations (Oran, Algeria)

Click here to take the quiz!

General Stats

  • This quiz has been taken 11 times
  • The average score is 16 of 34

Answer Stats

AirlineDestination% Correct
Air Algérie/TransaviaLyon
100%
Air Algérie/VoloteaMarseille
100%
Air Algérie/Air FranceParis (Charles de Gaulle)
100%
Air Algérie/TransaviaParis (Orly)
100%
TunisairTunis
100%
Air Algérie/VoloteaBordeaux
88%
Air Algérie/TUI fly BelgiumBrussels
88%
Air Algérie/Tassili AirlinesAlgiers
75%
Air AlgérieConstantine
75%
Air Algérie/Turkish AirlinesIstanbul
75%
IberiaMadrid
75%
TransaviaNantes
75%
Air Algérie/Air FranceToulouse
75%
Air Algérie/VuelingBarcelona
63%
Air Algérie/ASL Airlines FranceLille
63%
Air AlgérieAnnaba
50%
Air Algérie/TransaviaMontpellier
50%
Tassili AirlinesStrasbourg
50%
Air AlgérieAlicante
38%
Air AlgérieFrankfurt
38%
Air AlgérieLisbon
38%
ASL Airlines FrancePerpignan
25%
Tassili AirlinesSetif
25%
Air Algérie/Tassili AirlinesBechar
13%
Air AlgérieGhardaia
13%
Air Algérie/Tassili AirlinesHassi Messaoud
13%
Air AlgérieMetz/Nancy
13%
Air Algérie/Tassili AirlinesAdrar
0%
Air AlgérieEl Bayadh
0%
Air AlgérieIn Amenas
0%
Air AlgérieMecheria
0%
Air AlgérieOuargla
0%
Air AlgérieTimimoun
0%
Air AlgérieTindouf
0%

Score Distribution

Percentile by Number Answered

Percent of People with Each Score

Your Score History

You have not taken this quiz